00512 2200205 4500001002100000005001500021035002000036007000300056008004100059020001800100082001100118084001700129100002600146245004000172260003100212300001700243650001300260990002300273990001000296INLIS00000000000031720230825114702 a0010-0522000017ta230825 0 ind  a9786020250649 a155.25 a155.25 DER s0 aDerry Iswidharmanjaya1 asatu hari mejadi lebih percaya diri aJakarta :bGramedia,c2014 a193 ;c20 cm 4amotivasi a4699/SMPN 7 SBY/18 a33879